Coaches of the Best NBA Teams Ever Since 2000 - Statistics

General Stats
  • This quiz has been taken 15 times
  • The average score is 21 of 25
Answer Stats
Team Coach % Correct
08 Celtics Doc Rivers
100%
09 Celtics Doc Rivers
100%
16 Spurs Gregg Popovich
100%
07 Spurs Gregg Popovich
100%
05 Spurs Gregg Popovich
100%
01 Spurs Gregg Popovich
100%
04 Spurs Gregg Popovich
100%
13 Heat Erik Spoelstra
93%
11 Heat Erik Spoelstra
93%
24 Celtics Joe Mazzulla
93%
25 Celtics Joe Mazzulla
93%
20 Bucks Mike Budenholzer
93%
19 Bucks Mike Budenholzer
93%
00 Lakers Phil Jackson
93%
17 Warriors Steve Kerr
93%
16 Warriors Steve kerr
93%
15 Warriors Steve Kerr
93%
18 Rockets Mike D'Antoni
79%
03 Mavericks Don Nelson
64%
25 Cavaliers Kenny Atkinson
64%
09 Cavaliers Mike Brown
64%
12 Bulls Tom Thibodeau
64%
25 Thunder Mark Daigneault
57%
21 Jazz Quin Snyder
50%
13 Thunder Scott Brooks
50%
No matching quizzes found
Score Distribution
Percent of People with Each Score
Percentile by Number Answered
Your Score History
You have not taken this quiz